400 ideas para generar empleo
Uloženo v:
| Korporativní autor: | |
|---|---|
| Médium: | Kniha |
| Jazyk: | španělština |
| Vydáno: |
Santiago
Antártica
1990
|
| Témata: | |
| Tagy: |
Přidat tag
Žádné tagy, Buďte první, kdo vytvoří štítek k tomuto záznamu!
|
MARC
| LEADER | 00000nam a2200000 a 4500 | ||
|---|---|---|---|
| 001 | UCT6154 | ||
| 003 | CL-VaPUC | ||
| 008 | 961230e19900000CL |||||||||||||||||spa|d | ||
| 082 | 0 | 4 | |a 331.133 |b CON |2 21 |
| 110 | 2 | |a Confederación de la Producción y del Comercio |e author |9 376000 | |
| 245 | 1 | 0 | |a 400 ideas para generar empleo |
| 300 | |a 252 p | ||
| 942 | |c BK | ||
| 945 | |d 19961230 00:00:00 |a nastorga | ||
| 260 | |a Santiago |b Antártica |c 1990 | ||
| 650 | 0 | |a Trabajo y empleo |9 315054 | |
| 650 | 0 | |a Agroindustrias |9 376001 | |
| 650 | 7 | |a CAZA |2 CL-VaPUC |9 342895 | |
| 650 | 0 | |a Pesca |9 258707 | |
| 650 | 7 | |a SILVICULTURA |2 CL-VaPUC |9 264178 | |
| 650 | 0 | |a Minería |9 326008 | |
| 650 | 7 | |a TRANSPORTE |2 CL-VaPUC |9 256365 | |
| 650 | 0 | |a Manufacturas |9 271925 | |
| 650 | 0 | |a Construcción |9 260195 | |
| 650 | 0 | |a Comercio |9 255341 | |
| 650 | 0 | |a Servicios financieros |9 376002 | |
| 583 | |a last modification |c 20170615 03:35:36 |k Rodrigo Vera | ||
| 999 | |c 254875 |d 254873 | ||
| 952 | |0 0 |1 0 |4 0 |6 331_133000000000000_CON_1990 |7 0 |8 A |9 276830 |a BIBENE |b BIBENE |d 2019-11-19 |i 3264696 |o 331.133 CON 1990 |p 3264696 |r 2025-01-15 |w 2019-11-19 |y BK |k ICO | ||